000 00613nam a2200229Ia 4500
003 OSt
005 20220918192027.0
006 a|||||r|||| 00| 0
007 ta
008 220917b |||||||| |||| 00| 0 eng d
024 _a66,566
037 _cTextual
040 _aARTS
_cARTS
_beng
041 _2eng
_aeng
082 _aR3xJ96, L8
100 _aDescartes Rene
245 0 _aHis moral philosophy and psychologytr by John J Blom
260 _aLondon
_bHarvester Press
_c1978
300 _axxi,288p.
_ccm.
942 _hR3xJ96, L8
_cTEXL
_2CC
999 _c192799
_d192799